000 00762nam a2200277Ia 4500
001 Para_167
003 CHAP
008 220125s1992 xx 000 0 und d
010 _a198685
040 _cCHAP
090 _aPA FOLLETO 3136
110 _aEscuela Agricola Panamericana
_937593
245 _aInvestigación del proyecto MIP en papalon /
_c por EAP
260 _aTegucigalpa, Honduras :
_b Zamorano
300 _a2 p.
410 _aEl melonero; 7
650 _aCucurbitaceas
_x Enfermedades
_930000
650 _aCucurbitaceas
_x Plagas
_930006
901 _aPA FOLLETO 3136
902 _aA
905 _a0000001992 0000000000 00
910 _a1992
942 _cPARA
942 _cPARA
_d1
999 _c198685
_d198685